[Event "Najdorf Memorial"]
[Site "Warsaw POL"]
[Date "2023.07.19"]
[Round "9.16"]
[White "Fiszer, Bartosz"]
[Black "Slomczewski, Michal"]
[Result "1-0"]
[WhiteElo "2194"]
[BlackElo "2101"]

1. e4 c5 2. Nf3 Nc6 3. d4 cxd4 4. Nxd4 Qb6 5. Nb3 e6 6. Be3 Qc7 7. Nc3 a6
8. a4 Nf6 9. Be2 Bb4 10. O-O O-O 11. f4 Bxc3 12. bxc3 Nxe4 13. Bf3 Nxc3 14.
Qd2 Ne7 15. Bc5 Ncd5 16. c4 d6 17. cxd5 Nxd5 18. Bf2 Ne7 19. Rac1 Qd7 20.
a5 d5 21. Bb6 Nf5 22. Nd4 Nd6 23. Qb4 Nc4 24. Bc5 Re8 25. Be2 b5 26. axb6
a5 27. Qb5 Nd2 28. b7 Qxb5 29. bxa8=Q 1-0

[Event "Najdorf Memorial"]
[Site "Warsaw POL"]
[Date "2023.07.19"]
[Round "9.18"]
[White "Podgorski, Maciej"]
[Black "Praczukowski, Stanislaw"]
[Result "0-1"]
[WhiteElo "1960"]
[BlackElo "2147"]

1. e4 c6 2. d4 d5 3. e5 Bf5 4. h4 h5 5. Bd3 Bxd3 6. Qxd3 Qa5+ 7. Nd2 e6 8.
Nf3 Nh6 9. O-O Nf5 10. c4 Be7 11. a4 Na6 12. b3 Rd8 13. c5 b6 14. Ba3 bxc5
15. Rfc1 Nb4 16. Qc3 cxd4 17. Nxd4 Nxd4 18. Qxd4 Qb6 19. Qc3 a5 20. Nf3 c5
21. g3 O-O 22. Re1 Rc8 23. Bc1 c4 24. Bg5 Bxg5 25. Nxg5 Nd3 26. Re2 Qxb3
0-1

[Event "Najdorf Memorial"]
[Site "Warsaw POL"]
[Date "2023.07.19"]
[Round "9.19"]
[White "Jarzebowski, Kacper"]
[Black "Budzisz, Adrian"]
[Result "0-1"]
[WhiteElo "2134"]
[BlackElo "2037"]

1. c4 c6 2. e4 d5 3. exd5 cxd5 4. d4 Nf6 5. Nc3 g6 6. cxd5 Bg7 7. Qb3 O-O
8. Be2 Nbd7 9. Bf3 Nb6 10. Nge2 Bg4 11. Bxg4 Nxg4 12. a4 a5 13. Bf4 Nf6 14.
d6 exd6 15. d5 Re8 16. Rd1 Rc8 17. O-O Rc4 18. Bg5 Rb4 19. Qa2 Nxa4 20.
Nxa4 Rxe2 21. Bd2 Rd4 22. Bxa5 Rxd1 23. Bxd8 Ree1 24. g3 Rxf1+ 25. Kg2 g5
26. Nc3 Rg1+ 27. Kh3 Rd4 28. f4 g4+ 29. Kh4 Rg2 30. h3 h5 31. Qa8 Kh7 32.
hxg4 Nxg4 33. Qxb7 Kg6 34. f5+ Kxf5 35. Qxf7+ Bf6+ 0-1

[Event "Najdorf Memorial"]
[Site "Warsaw POL"]
[Date "2023.07.19"]
[Round "9.20"]
[White "Dmochowska, Agnieszka"]
[Black "Markowski, Damian"]
[Result "1/2-1/2"]
[WhiteElo "1977"]
[BlackElo "2104"]

1. d4 Nf6 2. c4 g6 3. Nc3 d5 4. cxd5 Nxd5 5. e4 Nxc3 6. bxc3 Bg7 7. Rb1 c5
8. Nf3 O-O 9. Be2 Qc7 10. O-O Nd7 11. Qd3 b6 12. d5 Ne5 13. Nxe5 Qxe5 14.
Bd2 f5 15. Bf3 Bd7 16. Rbe1 f4 17. c4 Rab8 18. Rc1 Qd4 19. Qxd4 1/2-1/2

[Event "Najdorf Memorial"]
[Site "Warsaw POL"]
[Date "2023.07.19"]
[Round "9.21"]
[White "Janeczko, Jakub"]
[Black "Smetek, Michal"]
[Result "1-0"]
[WhiteElo "2085"]
[BlackElo "1943"]

1. e4 e6 2. d4 d5 3. e5 c5 4. c3 Nc6 5. Nf3 Bd7 6. Bd3 Qb6 7. O-O cxd4 8.
Re1 a6 9. Nbd2 dxc3 10. bxc3 Rc8 11. Qe2 Nge7 12. Rb1 Qc7 13. Nb3 g6 14.
Ba3 Nf5 15. Bxf8 Kxf8 16. Bxf5 exf5 17. Qd2 Kg7 18. Qg5 Qd8 19. Qg3 Qe7 20.
Nbd4 Be6 21. h4 b5 22. Ne2 Rhg8 23. Nf4 Kh8 24. Ng5 Nd8 25. Rbd1 Rc4 26.
Re3 Nb7 27. Rd4 Nc5 28. f3 h6 29. Ngh3 Rc8 30. Qxg6 Qxh4 31. g3 fxg6 32.
Nxg6+ Kg7 33. Nxh4 Na4 34. Nf4 Kf7 35. Nxe6 Kxe6 36. Ng2 Nxc3 37. Nf4+ Kd7
38. e6+ Ke8 39. Rd2 b4 40. Re5 Rxf4 41. gxf4 Ke7 42. Rh2 Rg8+ 43. Kf2 Rg6
44. Ke3 Nb5 45. Rh5 Nd6 46. Kd4 Rg1 47. Rxh6 Rd1+ 48. Kc5 Rc1+ 49. Kxd5
Rd1+ 50. Kc6 Rc1+ 51. Rc5 Rxc5+ 52. Kxc5 Nb5 53. Kd5 1-0

[Event "Najdorf Memorial"]
[Site "Warsaw POL"]
[Date "2023.07.19"]
[Round "9.22"]
[White "Mueller, Magnus"]
[Black "Babiarz, Arkadiusz"]
[Result "0-1"]
[WhiteElo "2201"]
[BlackElo "1976"]

1. d4 d5 2. Bf4 c5 3. e3 Nc6 4. Nf3 Nf6 5. Nbd2 e6 6. c3 Bd6 7. Bg3 O-O 8.
Bd3 b6 9. e4 Be7 10. e5 Nh5 11. Ng5 Bxg5 12. Qxh5 g6 13. Qe2 Bh6 14. h4 Bg7
15. h5 g5 16. h6 Bh8 17. f4 f5 18. exf6 Bxf6 19. fxg5 Bxg5 20. Nf3 cxd4 21.
cxd4 Nb4 22. Bb1 Qe7 23. Rh5 Bf6 24. Qe3 Nc6 25. a3 Qe8 26. Rg5+ Kh8 27.
Rg7 Bxg7 28. hxg7+ Kxg7 29. Qg5+ Kh8 30. Bxh7 Kxh7 31. Qh4+ Kg7 32. Ne5 Rf5
33. O-O-O Qh5 34. Qxh5 Rxh5 35. Nxc6 Ba6 36. Kd2 Bb5 37. Nb4 Rg5 38. Be5+
Kg6 39. g3 Rf8 40. Bf4 Rh5 41. Nd3 Rh2+ 42. Ke3 Bxd3 43. Kxd3 Rxb2 44. Rh1
Rb3+ 45. Kc2 Rxa3 0-1

[Event "Najdorf Memorial"]
[Site "Warsaw POL"]
[Date "2023.07.19"]
[Round "9.23"]
[White "Dalkowski, Rafal"]
[Black "Zalega, Maciej"]
[Result "1/2-1/2"]
[WhiteElo "2025"]
[BlackElo "2182"]

1. e4 c5 2. Nf3 Nc6 3. d4 cxd4 4. c3 Nf6 5. e5 Nd5 6. Bc4 e6 7. cxd4 d6 8.
O-O Be7 9. Qe2 O-O 10. Rd1 Bd7 11. Bd2 Rc8 12. Nc3 Ndb4 13. exd6 Bxd6 14.
a3 Na5 15. Bg5 Qb6 16. Bb5 Bxb5 17. Qxb5 Nd5 18. Qxb6 Nxb6 19. d5 Nb3 20.
Rab1 exd5 21. Nxd5 Nc4 22. Ne7+ Bxe7 23. Bxe7 1/2-1/2

[Event "Najdorf Memorial"]
[Site "Warsaw POL"]
[Date "2023.07.19"]
[Round "9.24"]
[White "Minald, Andrey"]
[Black "Wadelek, Karol"]
[Result "1-0"]
[WhiteElo "2091"]
[BlackElo "1943"]

1. d4 Nf6 2. Nf3 e6 3. c4 Bb4+ 4. Nbd2 O-O 5. a3 Bxd2+ 6. Qxd2 Nc6 7. b4 d6
8. Bb2 a5 9. b5 Ne7 10. g3 b6 11. Bg2 Bb7 12. O-O Ng6 13. Rac1 Qe7 14. a4
Rfe8 15. Rfd1 Rad8 16. Qe3 Ng4 17. Qc3 Nf6 18. e3 Ba8 19. Ba3 e5 20. dxe5
Ne4 21. Qb2 Nxe5 22. Nxe5 Qxe5 23. Qxe5 Rxe5 24. Bxe4 Rxe4 25. c5 bxc5 26.
Bxc5 Rxa4 27. b6 Rf8 28. bxc7 dxc5 29. Rd8 Bb7 30. Rcd1 g6 31. Rb8 Rb4 32.
f3 Rc8 33. Rd8+ Kg7 34. Rdxc8 Bxc8 35. Rxc8 Rb7 36. Rg8+ 1-0

[Event "Najdorf Memorial"]
[Site "Warsaw POL"]
[Date "2023.07.19"]
[Round "9.25"]
[White "Biesiadecki, Adam"]
[Black "Majek, Kacper"]
[Result "1-0"]
[WhiteElo "2015"]
[BlackElo "2090"]

1. Nf3 d5 2. c4 e6 3. d4 c5 4. cxd5 exd5 5. Nc3 Nf6 6. Bg5 Be6 7. e3 c4 8.
Be2 Bb4 9. Qa4+ Nc6 10. Ne5 O-O 11. Nxc6 Bxc3+ 12. bxc3 bxc6 13. Bxf6 gxf6
14. O-O Qc7 15. e4 Rab8 16. Rfb1 Qf4 17. exd5 cxd5 18. Qd1 Bf5 19. g3 Qg5
20. Rxb8 Rxb8 21. h4 Qg6 22. Bh5 Qh6 23. Bf3 Be6 24. Bg4 Qg6 25. Bxe6 fxe6
26. Qa4 Qf7 27. Re1 Kg7 28. Qc6 Rb6 29. Qc8 Qe7 30. Re3 Qd6 31. Qe8 Ra6 32.
h5 Kh6 33. Rf3 f5 34. Qf7 Qd8 35. g4 fxg4 36. Rf6+ Kg5 37. Qg7+ Kh4 38. f3
gxf3 39. Rf4+ Kxh5 40. Qxh7+ 1-0

[Event "Najdorf Memorial"]
[Site "Warsaw POL"]
[Date "2023.07.19"]
[Round "9.26"]
[White "Lecki, Leonard"]
[Black "Korbal, Arkadiusz"]
[Result "1-0"]
[WhiteElo "1995"]
[BlackElo "2080"]

1. e4 c6 2. d4 d5 3. exd5 cxd5 4. Bd3 Nc6 5. c3 Qc7 6. Ne2 Bg4 7. f3 Bd7 8.
Bf4 e5 9. dxe5 Nxe5 10. O-O Bd6 11. Na3 Nf6 12. Nb5 Qb6+ 13. Ned4 Bxb5 14.
Bxb5+ Kf8 15. Kh1 a6 16. Ba4 Nc4 17. Qc1 Nh5 18. Bxd6+ Qxd6 19. b3 Ne5 20.
Nf5 Qf6 21. Qa3+ Kg8 22. Ne7+ 1-0

[Event "Najdorf Memorial"]
[Site "Warsaw POL"]
[Date "2023.07.19"]
[Round "9.27"]
[White "Zheng, Harry Z"]
[Black "Jedrusik, Adam"]
[Result "0-1"]
[WhiteElo "2063"]
[BlackElo "1970"]

1. e4 e5 2. Nf3 Nc6 3. Bb5 a6 4. Ba4 Nf6 5. d3 b5 6. Bb3 Bc5 7. a4 Rb8 8.
O-O d6 9. c3 h6 10. Nbd2 O-O 11. h3 Bb6 12. Re1 Ne7 13. Nf1 Ng6 14. Ng3 Re8
15. Nh2 Be6 16. Bc2 d5 17. Nh5 dxe4 18. dxe4 Nxh5 19. Qxh5 Qf6 20. Be3 Nf4
21. Qf3 Red8 22. a5 Bxe3 23. fxe3 Nd3 24. Qxf6 gxf6 25. Bxd3 Rxd3 26. Rad1
Rxd1 27. Rxd1 b4 28. Nf1 Kf8 29. cxb4 Rxb4 30. Rd8+ Ke7 31. Ra8 Rxe4 32.
Rxa6 Rb4 33. Ra7 Rxb2 34. Rxc7+ Kd6 35. Ra7 Bd5 36. Ra6+ Kc5 37. e4 Bxe4
38. Ne3 Re2 39. Ng4 Rxg2+ 40. Kf1 Rxg4 41. Ra7 Bg2+ 42. Kf2 Bxh3 43. Rxf7
Rf4+ 44. Kg3 Be6 45. Rh7 Kb5 46. Rxh6 Kxa5 47. Rh2 Kb4 48. Re2 Kc3 49. Re3+
Kd4 50. Ra3 Rg4+ 51. Kf2 e4 52. Ra4+ Bc4 53. Ra1 Rf4+ 54. Kg3 Rf3+ 55. Kg2
Rb3 56. Ra8 e3 57. Rd8+ Kc3 58. Kf3 e2 59. Kf2 Rb1 60. Re8 Rf1+ 0-1

[Event "Najdorf Memorial"]
[Site "Warsaw POL"]
[Date "2023.07.19"]
[Round "9.28"]
[White "Persson, Andreas"]
[Black "Wojtaszewski, Piotr"]
[Result "0-1"]
[WhiteElo "2135"]
[BlackElo "1994"]

1. d4 d5 2. Nf3 Nf6 3. g3 Bf5 4. Bg2 e6 5. c4 c6 6. Nc3 h6 7. Qb3 Qb6 8. c5
Qc7 9. Bf4 Qc8 10. Nd2 Be7 11. f3 O-O 12. e4 Bh7 13. Bd6 Bxd6 14. cxd6 c5
15. e5 cxd4 16. Nb5 Nfd7 17. Nc7 Na6 18. Nxa8 Qxa8 19. f4 Ndc5 20. Qa3 Nd3+
21. Ke2 Nab4 22. Qb3 a5 23. a3 Nc5 24. Qf3 Be4 25. Qg4 Qa6+ 26. Kf2 Nc2 27.
Rhc1 Nd3+ 28. Kg1 Nxc1 29. Rxc1 Qd3 30. Nf1 Ne3 31. Bxe4 dxe4 32. Qh3 Qb3
33. d7 Nxf1 34. Rc8 Qd5 35. Qxf1 Qxd7 36. Rxf8+ Kxf8 37. Qc4 d3 38. Qc1 d2
39. Qd1 Qd3 0-1

[Event "Najdorf Memorial"]
[Site "Warsaw POL"]
[Date "2023.07.19"]
[Round "9.29"]
[White "Smietanska, Wiktoria"]
[Black "Flaata, Alexander R."]
[Result "0-1"]
[WhiteElo "1964"]
[BlackElo "2068"]

1. c4 g6 2. Nc3 Bg7 3. g3 e5 4. Bg2 d6 5. e3 Nc6 6. Nge2 Be6 7. b3 Qd7 8.
Nd5 O-O-O 9. O-O Bh3 10. b4 h5 11. f3 Bxg2 12. Kxg2 h4 13. Rh1 e4 14. Nec3
hxg3 15. hxg3 Rxh1 16. Qxh1 exf3+ 17. Kxf3 Ne5+ 18. Kg2 Ne7 19. Nxe7+ Qxe7
20. Qf1 Rh8 21. d4 Qe6 22. Nd5 Qh3+ 23. Kf2 Qf5+ 24. Nf4 Ng4+ 25. Ke1 Qe4
26. Qd3 Qh1+ 27. Qf1 Qe4 28. Qd3 Rh1+ 29. Ke2 Rh2+ 30. Ke1 Qf3 31. Ne2 Nf2
32. Qc2 Ne4 33. Qd3 Rh1+ 0-1

[Event "Najdorf Memorial"]
[Site "Warsaw POL"]
[Date "2023.07.19"]
[Round "9.30"]
[White "Lasota, Adam"]
[Black "Markuszewski, Maksymilian"]
[Result "1/2-1/2"]
[WhiteElo "1927"]
[BlackElo "2039"]

1. b3 d5 2. Bb2 Bf5 3. e3 Nf6 4. Bd3 Bxd3 5. cxd3 e6 6. Nf3 c5 7. O-O Nc6
8. d4 cxd4 9. Nxd4 Nxd4 10. Bxd4 Bd6 11. Bxf6 Qxf6 12. Nc3 O-O 13. Nb5 Be7
14. f4 Rfc8 15. a3 a6 16. Nc3 Rc6 17. f5 Qe5 18. Qg4 Rd8 19. fxe6 fxe6 20.
Ne2 Rc2 21. Rad1 Bxa3 22. Nd4 Ra2 23. Nxe6 Re8 24. Nd4 Bd6 25. g3 Qe4 26.
Qh5 g6 27. Qg5 Bc5 28. Rf4 Qe5 29. Rf5 Qe4 30. Rf4 Qe5 31. Rf5 Qe4 32. Rf4
1/2-1/2

[Event "Najdorf Memorial"]
[Site "Warsaw POL"]
[Date "2023.07.19"]
[Round "9.31"]
[White "Dylong, Antoni"]
[Black "Kovalevsky, Stanislav"]
[Result "0-1"]
[WhiteElo "2039"]
[BlackElo "2226"]

1. e4 c6 2. d4 d5 3. e5 c5 4. dxc5 e6 5. Nf3 Bxc5 6. Bd3 Nc6 7. O-O Nge7 8.
a3 a5 9. b3 Ng6 10. Bb2 Bd7 11. c4 Nf4 12. cxd5 Nxd5 13. Nbd2 Bb6 14. Nc4
Bc7 15. Be4 Bc8 16. Qc2 h6 17. Rfd1 Nce7 18. Nd4 O-O 19. Nb5 Bd7 20. Nbd6
Qb8 21. a4 Nb4 22. Qe2 Bc6 23. Bb1 b5 24. axb5 Bxb5 25. Qe4 g6 26. Qh4 Bxc4
27. Nxc4 Nbd5 28. Qxh6 Rd8 29. Be4 Qxb3 30. Rd3 Nc3 31. Bxc3 Rxd3 32. Bxd3
Qxc3 33. Ra3 Qe1+ 34. Bf1 Nf5 35. Qf4 Rd8 36. Ne3 Rd4 37. Qf3 Rb4 38. Nc2
Qxe5 39. g3 Rb2 40. Ne3 Nd4 41. Qd1 Rd2 42. Qg4 Qf6 43. Nd1 Bb6 44. Rd3
Rxd3 45. Bxd3 Nf3+ 46. Kh1 Ne5 47. Qe4 Nxd3 48. Qxd3 Bxf2 49. Kg2 Bd4 50.
Ne3 Bxe3 51. Qxe3 Qb2+ 52. Kh3 a4 0-1

[Event "Najdorf Memorial"]
[Site "Warsaw POL"]
[Date "2023.07.19"]
[Round "9.32"]
[White "Kondys, Piotr"]
[Black "Rasmussen, Jonas H"]
[Result "1/2-1/2"]
[WhiteElo "2063"]
[BlackElo "1970"]

1. e4 e5 2. Nf3 Nc6 3. d4 exd4 4. Nxd4 Nf6 5. Nc3 Bb4 6. Nxc6 bxc6 7. Bd3
d5 8. exd5 Nxd5 9. O-O Nxc3 10. Qe1+ Qe7 11. bxc3 Bd6 12. Bg5 Qxe1 13.
Rfxe1+ Be6 14. Bf5 Kd7 15. Bxe6+ fxe6 16. Rab1 Rab8 17. c4 c5 18. Bd2 Rb6
19. a4 Rhb8 20. Rxb6 Rxb6 21. Bc3 g6 22. g3 Rb8 23. Kg2 Rf8 24. f3 Rf5 25.
Kf2 Rf8 26. Ke3 Rf5 27. Ke4 Rh5 28. Re2 Rf5 29. f4 Rf8 30. Rd2 Rb8 31. Rd1
Ke7 32. Rf1 Kd7 33. Rd1 Ke7 34. Kf3 Kd7 35. h4 Rf8 36. Ke4 Kc6 37. Rb1 Kd7
38. Rb5 a6 39. Rb1 Kc6 40. Re1 Kd7 41. Rh1 Rf5 42. Bg7 h5 43. Rb1 Kc8 44.
a5 Rf7 45. Be5 Be7 46. Rd1 Bd8 47. Bc3 Rf5 48. Rd3 Be7 49. Be5 Bd8 50. Rb3
1/2-1/2

[Event "Najdorf Memorial"]
[Site "Warsaw POL"]
[Date "2023.07.19"]
[Round "9.33"]
[White "Zhuk, Ivan"]
[Black "Niezhentsev, Kyrylo"]
[Result "1/2-1/2"]
[WhiteElo "2017"]
[BlackElo "2057"]

1. e4 c5 2. Nf3 e6 3. d4 cxd4 4. Nxd4 Nf6 5. Nc3 Nc6 6. g3 Bb4 7. Bg2 O-O
8. O-O d6 9. Kh1 a6 10. f4 Qc7 11. Nce2 Rd8 12. c3 Bc5 13. Ng1 e5 14. Nb3
Bxg1 15. Rxg1 Bg4 16. Qe1 d5 17. h3 Bc8 18. f5 Nxe4 19. Bxe4 dxe4 20. g4 f6
21. Be3 Ne7 22. Rd1 Nd5 23. Qd2 b6 24. Qf2 Bb7 25. Rxd5 Rxd5 26. g5 fxg5
27. Rxg5 Rf8 28. Kh2 Qe7 29. Nd2 Rd6 30. Nf1 h6 31. Rg4 Qf7 32. Ng3 Rf6 33.
Qd2 Kh8 34. Rh4 Kh7 35. Bg5 Rxf5 36. Nxf5 Qxf5 37. Bxh6 Qf2+ 38. Qxf2 Rxf2+
39. Kg1 Rc2 40. Be3+ Kg8 41. Rh5 Re2 42. Bxb6 Rxb2 43. Bc5 Rxa2 44. Rxe5
Ra5 45. Re8+ Kh7 46. Bd4 Rg5+ 47. Kf2 Bd5 48. Re7 a5 49. Ra7 Bc6 50. h4 Rg4
51. Rxa5 Rxh4 52. Ra7 Rg4 53. Ke3 Bd5 54. Rd7 Rg3+ 55. Kf4 Rf3+ 56. Kg5
Rg3+ 57. Kf4 Rf3+ 58. Kg5 Rg3+ 59. Kf4 1/2-1/2

[Event "Najdorf Memorial"]
[Site "Warsaw POL"]
[Date "2023.07.19"]
[Round "9.34"]
[White "Adamski, Jan"]
[Black "Hetzer, Volkhard"]
[Result "1/2-1/2"]
[WhiteElo "2099"]
[BlackElo "1952"]

1. Nf3 Nf6 2. c4 g6 3. Nc3 Bg7 4. d4 d6 5. Bg5 Nbd7 6. e3 O-O 7. Be2 e5 8.
Qc2 Re8 9. Rd1 exd4 10. Nxd4 c6 11. O-O a5 12. Rd2 a4 13. Bf4 Nc5 14. Bf3
Ra6 15. Rfd1 Bf8 16. Bg5 1/2-1/2

[Event "Najdorf Memorial"]
[Site "Warsaw POL"]
[Date "2023.07.19"]
[Round "9.35"]
[White "Saveljevs, Aleksandrs"]
[Black "Zaninotto, Franco"]
[Result "1/2-1/2"]
[WhiteElo "2028"]
[BlackElo "2026"]

1. e4 c5 2. Nc3 Nc6 3. Bb5 Nd4 4. Nf3 a6 5. Bd3 g6 6. Nxd4 cxd4 7. Ne2 d5
8. c3 dxe4 9. Bxe4 dxc3 10. Qa4+ Bd7 11. Qd4 cxb2 12. Bxb2 Nf6 13. Bxb7 Rb8
14. Bxa6 Qb6 15. Qxb6 Rxb6 16. Bxf6 Rxf6 17. Bc4 Bg7 18. d4 O-O 19. O-O Rc8
20. Bb3 Bb5 21. Rfe1 Rd6 22. Rad1 Bxe2 23. Rxe2 Rxd4 24. Rxe7 Rxd1+ 25.
Bxd1 Kf8 26. Rd7 Ke8 27. Ba4 Kf8 28. Kf1 Be5 29. Bb3 Rc7 30. Rxc7 Bxc7 31.
Ke2 Ke7 32. h3 f6 33. Kd3 Bb6 34. f3 Kd6 35. Kc4 g5 36. Kb5 Kc7 37. g4 Bf2
38. a4 h6 39. Bd5 Bg1 40. a5 Bf2 41. a6 Bg1 42. Bb7 Bf2 43. Kc4 Kd6 44. Kb5
Kc7 1/2-1/2